000 01040nam a2200265Ia 4500
003 OSt
005 20221005111311.0
006 a|||||r|||| 00| 0
007 ta
008 221004b |||||||| |||| 00| 0 hin d
020 _a8181432746 (hbk)
_c300
024 _a97445
037 _b569, 23/03/2009, Vani Prakashan
_cTextual
040 _aCRL
_cCRL
_bhin
041 _2hin
_ahin
082 _aV273z7, 152P5
100 _aनाम्बिसन, विजय
245 0 _aबिहार
_b देखने वाले की ऑंख में है
246 _aBihāra: dekhane vāle kī ऑankha mean hai
260 _aनई दिल्ली
_bवाणी प्रकाशन भारत
_c2005
300 _a255पृ0
_ccm.
700 _a माइकेल, मोजे़ज़, अनु.
942 _hV273z7, 152P5
_cTEXL
_2cc
999 _c1021431
_d1021431